000 00590nmm a2200193Ia 4500
008 251105s9999||||xx |||||||||||||||||und||
041 _aspa
100 _aToloza, Ingrid Odgers
245 0 _aDe tu Sangre Cautiva
264 _a[Santiago de Chile, Chile] :
_bEditorial Segismundo,
_c2014
300 _a121 páginas
490 _aNovelistas al Sur del Mundo
650 _aHistorical fiction
700 _aToloza, Ingrid Odgers
700 1 _a Juan Carlos Barroux (ed.)
700 1 _a Barroux, Daniel Chehade
856 _uhttps://public.digitaliapublishing.com/a/62768
942 _cCF
999 _c71961
_d71961